Animal Anagrams 2 - Statistics

General Stats
  • This quiz has been taken 25 times
  • The average score is 5 of 15
Answer Stats
Hint Answer % Correct
MAZHPNECEI Chimpanzee
91%
NPUEIGN Pengiun
73%
APANRIH Piranha
73%
BRTBIA Rabbit
73%
EVBREA Beaver
45%
AORPLDE Leopard
45%
EATEPNOL Antelope
27%
ADGEEBLLA (2 words) Bald Eagle
9%
WBEDDCRILKIWAPOS (3 words) Black Widow Spider
9%
NARCOISCRTTBOO (2 words) Boa Constrictor
9%
SLIWFONHC (2 words) Clown Fish
9%
ESGWRARIETKATH (3 words) Great White Shark
9%
MHTASEOREUVS (2 words) Harvest Mouse
9%
NDOTLREASI (2 words) Soldier Ant
9%
AIRERPGTD Partridge
0%
No matching quizzes found
Score Distribution
Percent of People with Each Score
Percentile by Number Answered
Your Score History
You have not taken this quiz